Statistics for States Of The Midwest USA (With Hints)

Click here to take the quiz!

General Stats

  • This quiz has been taken 50 times
  • The average score is 12 of 12

Answer Stats

AnswerA bit of a hint% Correct
West North CentralIowaThe Ioway were a group of indigenous people that lived in this area.
100%
IndianaThis name was given by US Congress in 1800 and somewhat unimaginatively means 'Land of the Indians'.
98%
MichiganThis state is bounded by four of the five Great Lakes, and shares its name with one of them. In Ojibwe 'mishigami' means 'large lake'.
98%
MinnesotaThis was the Dakota name for the major river: 'Mnísóta'. It means 'clear blue water' (or perhaps 'cloudy water').
98%
MissouriThe state is named after the major river (again), which may have been named after a local indigenous group - their neighbours called them 'Ouemessourita' (possibly).
98%
NebraskaThis name may be an Anglicisation of the Omaha language 'Ní Btháska', meaning 'flat water' (again, referring to a river).
98%
South DakotaThe 'South' state that matches the one mentioned above, referring to a branch of the Sioux tribes that occupied the area.
98%
WisconsinThe Algonquian word for the river here may have been 'Meskonsing', which was adapted by the French into 'Ouisconsin'.
98%
North DakotaThe 'North' state named after the Sioux word for 'allies' (the word is a Native American tribe).
95%
OhioIt takes its name from a river, whose name derives from the Seneca word 'ohi:yo' ' meaning 'great' or 'good river'.
95%
East North CentralIllinoisThis is a French name for the original inhabitants. It might be derived from the local phrase 'irenwe·wa', meaning 'he speaks the regular way'.
93%
KansasSome of the local people called themselves 'Kką:ze'.
93%

Score Distribution

Percentile by Number Answered

Percent of People with Each Score

Your Score History

You have not taken this quiz